| 000 | 00567nam a2200217Ia 4500 | ||
|---|---|---|---|
| 003 | OSt | ||
| 005 | 20230523124909.0 | ||
| 008 | 210210b1994 xxu||||| |||| 00| 0 eng d | ||
| 020 | _a0 397 51091 8 | ||
| 040 | _cAL | ||
| 041 | _aEnglish | ||
| 082 | _a574.192 CHAL | ||
| 100 |
_aCHAMPE (Pamela C) & HARVEY (Richard A). _9111286 |
||
| 245 | _aLippincott's Illustrated reviews: biochemistry | ||
| 250 | _a2 | ||
| 260 |
_aNY _bLippincott Williams & Wilkins., _c1994 |
||
| 300 | _axvi,443 | ||
| 690 |
_aBiochemistry _9111287 |
||
| 906 | _a059246 | ||
| 942 |
_2ddc _cBK |
||
| 999 |
_c106616 _d106616 |
||